Transforming performance measurement : rethinking the way we measure and drive organizational success

Bibliographic Details
Main Author: Spitzer, Dean.R
Format: Book
Published: New York : Amacom , 2007
Subjects:

MARC

LEADER 00000cam a2200000 7i4500
001 0000020475
005 20071024.0
020 |a 9780814408919 
040 |a INS 
090 0 0 |a HD58.9   |b S67 2007 
100 1 |a Spitzer, Dean.R 
245 1 0 |a Transforming performance measurement :   |b rethinking the way we measure and drive organizational success   |c Dean R. Spitzer 
260 |a New York :   |b Amacom ,   |c 2007 
300 |a xiv, 288p. :   |b ill. ;   |c 23cm. 
500 |a Includes index 
504 |a Bibliography: p.271-276 
650 0 0 |a Organizational effectiveness   |x Evaluation 
999 |a 0000019268   |b BOOK   |c Open Shelf   |e Default branch